000 00332nam a22001457a 4500
082 _a617.3,J11L
100 _aLEVARGIE,PAMEA
245 _aJOINT STRUCTURE & FUNTION
250 _a5TH
260 _aDELHI
_bJAYPEE MEDICAL PUBLISHER
_c2011
300 _a588
650 _aORTHOPEDICS
653 _aBONE JOINTS
942 _2ddc
_cBK
_0348
999 _c7992
_d7992